| 000 | nam a22 7a 4500 | ||
|---|---|---|---|
| 999 |
_c127085 _d127085 |
||
| 008 | 171011b xxu||||| |||| 00| 0 eng d | ||
| 050 | _aBR748.M58 1995 | ||
| 100 |
_aMilton, Michael _937006 |
||
| 245 |
_aRestoring the woven cord _c/ Michael Milton |
||
| 260 |
_aLondon _bDarton, Longman and Todd Ltd. _c1995 |
||
| 300 |
_axiii, 177p. ; _c20cm. |
||
| 650 |
_aSpirituality _xCeltic church _91405 |
||
| 942 |
_2lcc _cMONOGRAPH |
||